<?xml version="1.0" encoding="UTF-8"?>
<record
    xmlns:xsi="http://www.w3.org/2001/XMLSchema-instance"
    xsi:schemaLocation="http://www.loc.gov/MARC21/slim http://www.loc.gov/standards/marcxml/schema/MARC21slim.xsd"
    xmlns="http://www.loc.gov/MARC21/slim">

  <leader>01987nam0a2200373   4500</leader>
  <controlfield tag="001">RU\NLR\bibl\1194418</controlfield>
  <controlfield tag="005">20250615100220.0</controlfield>
  <datafield tag="010" ind1=" " ind2=" ">
    <subfield code="a">978-5-9270-0121-7</subfield>
    <subfield code="9">800</subfield>
  </datafield>
  <datafield tag="021" ind1=" " ind2=" ">
    <subfield code="a">RU</subfield>
    <subfield code="b">2007-95188</subfield>
    <subfield code="9">5141</subfield>
  </datafield>
  <datafield tag="035" ind1=" " ind2=" ">
    <subfield code="a">(NLR Aleph) 001180947</subfield>
  </datafield>
  <datafield tag="090" ind1=" " ind2=" ">
    <subfield code="a">1656973</subfield>
    <subfield code="c">1656973</subfield>
  </datafield>
  <datafield tag="100" ind1=" " ind2=" ">
    <subfield code="a">20080229d2007    |||y0rusy50      ca</subfield>
  </datafield>
  <datafield tag="101" ind1="0" ind2=" ">
    <subfield code="a">rus</subfield>
  </datafield>
  <datafield tag="102" ind1=" " ind2=" ">
    <subfield code="a">RU</subfield>
  </datafield>
  <datafield tag="105" ind1=" " ind2=" ">
    <subfield code="a">a   |||||||||</subfield>
  </datafield>
  <datafield tag="200" ind1="1" ind2=" ">
    <subfield code="a">&#x423;&#x447;&#x435;&#x43D;&#x438;&#x435; &#x43E;&#x431; &#x438;&#x43B;&#x43B;&#x44E;&#x437;&#x438;&#x44F;&#x445; &#x43F;&#x43E;&#x43B;&#x435;&#x442;&#x430;</subfield>
    <subfield code="e">&#x43E;&#x441;&#x43D;&#x43E;&#x432;&#x44B; &#x430;&#x432;&#x438;&#x430;&#x446;&#x438;&#x43E;&#x43D;&#x43D;&#x43E;&#x439; &#x434;&#x435;&#x43B;&#x438;&#x430;&#x43B;&#x43E;&#x433;&#x438;&#x438;</subfield>
    <subfield code="f">&#x41F;.&#x410;. &#x41A;&#x43E;&#x432;&#x430;&#x43B;&#x435;&#x43D;&#x43A;&#x43E;, &#x412;.&#x410;. &#x41F;&#x43E;&#x43D;&#x43E;&#x43C;&#x430;&#x440;&#x435;&#x43D;&#x43A;&#x43E;, &#x410;.&#x412;. &#x427;&#x443;&#x43D;&#x442;&#x443;&#x43B;</subfield>
    <subfield code="g">&#x420;&#x43E;&#x441;. &#x430;&#x43A;&#x430;&#x434;. &#x43D;&#x430;&#x443;&#x43A;, &#x418;&#x43D;-&#x442; &#x43F;&#x441;&#x438;&#x445;&#x43E;&#x43B;&#x43E;&#x433;&#x438;&#x438;</subfield>
  </datafield>
  <datafield tag="210" ind1=" " ind2=" ">
    <subfield code="a">&#x41C;&#x43E;&#x441;&#x43A;&#x432;&#x430;</subfield>
    <subfield code="c">&#x418;&#x43D;&#x441;&#x442;&#x438;&#x442;&#x443;&#x442; &#x43F;&#x441;&#x438;&#x445;&#x43E;&#x43B;&#x43E;&#x433;&#x438;&#x438; &#x420;&#x410;&#x41D;</subfield>
    <subfield code="d">2007</subfield>
  </datafield>
  <datafield tag="215" ind1=" " ind2=" ">
    <subfield code="a">458, [2] &#x441;.</subfield>
    <subfield code="c">&#x438;&#x43B;., &#x43F;&#x43E;&#x440;&#x442;&#x440;.</subfield>
    <subfield code="d">22</subfield>
  </datafield>
  <datafield tag="300" ind1=" " ind2=" ">
    <subfield code="a">&#x412; &#x43A;&#x43E;&#x43D;&#x446;&#x435; &#x43A;&#x43D;. &#x430;&#x432;&#x442;.: &#x41A;&#x43E;&#x432;&#x430;&#x43B;&#x435;&#x43D;&#x43A;&#x43E; &#x41F;.&#x410;. - &#x43A;.&#x43F;&#x441;&#x438;&#x445;&#x43E;&#x43B;.&#x43D;., &#x41F;&#x43E;&#x43D;&#x43E;&#x43C;&#x430;&#x440;&#x435;&#x43D;&#x43A;&#x43E; &#x412;.&#x410;. - &#x430;&#x43A;&#x430;&#x434;. &#x420;&#x410;&#x41E;, &#x43B;&#x430;&#x443;&#x440;&#x435;&#x430;&#x442; &#x43F;&#x440;&#x435;&#x43C;&#x438;&#x438; &#x421;&#x43E;&#x432;&#x435;&#x442;&#x430; &#x41C;&#x438;&#x43D;&#x438;&#x441;&#x442;&#x440;&#x43E;&#x432; &#x421;&#x421;&#x421;&#x420;, &#x43B;&#x430;&#x443;&#x440;&#x435;&#x430;&#x442; &#x43F;&#x440;&#x435;&#x43C;&#x438;&#x438; &#x43F;&#x440;&#x430;&#x432;&#x438;&#x442;&#x435;&#x43B;&#x44C;&#x441;&#x442;&#x432;&#x430; &#x420;&#x424;, &#x437;&#x430;&#x441;&#x43B;. &#x434;&#x435;&#x44F;&#x442;. &#x43D;&#x430;&#x443;&#x43A;&#x438;, &#x434;.&#x43C;.&#x43D;., &#x43F;&#x440;&#x43E;&#x444;., &#x433;&#x435;&#x43D;.-&#x43C;&#x430;&#x439;&#x43E;&#x440; &#x43C;&#x435;&#x434;. &#x441;&#x43B;&#x443;&#x436;&#x431;&#x44B;, &#x427;&#x443;&#x43D;&#x442;&#x443;&#x43B; &#x410;.&#x412;. - &#x434;.&#x43C;.&#x43D;., &#x43F;&#x43E;&#x43B;&#x43A;. &#x43C;&#x435;&#x434;. &#x441;&#x43B;&#x443;&#x436;&#x431;&#x44B;</subfield>
  </datafield>
  <datafield tag="320" ind1=" " ind2=" ">
    <subfield code="a">&#x411;&#x438;&#x431;&#x43B;&#x438;&#x43E;&#x433;&#x440;.: &#x441;. 447-459 (185 &#x43D;&#x430;&#x437;&#x432;.)</subfield>
  </datafield>
  <datafield tag="606" ind1="1" ind2=" ">
    <subfield code="a">&#x410;&#x432;&#x438;&#x430;&#x446;&#x438;&#x43E;&#x43D;&#x43D;&#x430;&#x44F; &#x43F;&#x441;&#x438;&#x445;&#x43E;&#x43B;&#x43E;&#x433;&#x438;&#x44F;</subfield>
    <subfield code="9">1081343</subfield>
    <subfield code="3">RU\NLR\auth\66103868</subfield>
  </datafield>
  <datafield tag="606" ind1="1" ind2=" ">
    <subfield code="a">&#x418;&#x43B;&#x43B;&#x44E;&#x437;&#x438;&#x438;</subfield>
    <subfield code="9">1258206</subfield>
    <subfield code="3">RU\NLR\auth\66516170</subfield>
  </datafield>
  <datafield tag="686" ind1=" " ind2=" ">
    <subfield code="a">&#x42E;941.3</subfield>
  </datafield>
  <datafield tag="686" ind1=" " ind2=" ">
    <subfield code="a">&#x42E;935.113-225</subfield>
  </datafield>
  <datafield tag="700" ind1=" " ind2="1">
    <subfield code="a">&#x41A;&#x43E;&#x432;&#x430;&#x43B;&#x435;&#x43D;&#x43A;&#x43E;</subfield>
    <subfield code="b">&#x41F;. &#x410;.</subfield>
    <subfield code="g">&#x41F;&#x430;&#x432;&#x435;&#x43B; &#x410;&#x43B;&#x435;&#x43A;&#x441;&#x430;&#x43D;&#x434;&#x440;&#x43E;&#x432;&#x438;&#x447;</subfield>
    <subfield code="4">070</subfield>
  </datafield>
  <datafield tag="701" ind1=" " ind2="1">
    <subfield code="4">070</subfield>
    <subfield code="a">&#x41F;&#x43E;&#x43D;&#x43E;&#x43C;&#x430;&#x440;&#x435;&#x43D;&#x43A;&#x43E;</subfield>
    <subfield code="b">&#x412;. &#x410;.</subfield>
    <subfield code="c">&#x434;-&#x440; &#x43C;&#x435;&#x434;. &#x43D;&#x430;&#x443;&#x43A;</subfield>
    <subfield code="f">1933-</subfield>
    <subfield code="g">&#x412;&#x43B;&#x430;&#x434;&#x438;&#x43C;&#x438;&#x440; &#x410;&#x43B;&#x435;&#x43A;&#x441;&#x430;&#x43D;&#x434;&#x440;&#x43E;&#x432;&#x438;&#x447;</subfield>
    <subfield code="9">143803</subfield>
    <subfield code="3">RU\NLR\AUTH\770143839</subfield>
  </datafield>
  <datafield tag="701" ind1=" " ind2="1">
    <subfield code="a">&#x427;&#x443;&#x43D;&#x442;&#x443;&#x43B;</subfield>
    <subfield code="b">&#x410;. &#x412;.</subfield>
    <subfield code="g">&#x410;&#x43B;&#x435;&#x43A;&#x441;&#x430;&#x43D;&#x434;&#x440; &#x412;&#x430;&#x441;&#x438;&#x43B;&#x44C;&#x435;&#x432;&#x438;&#x447;</subfield>
    <subfield code="4">070</subfield>
  </datafield>
  <datafield tag="801" ind1=" " ind2="0">
    <subfield code="a">RU</subfield>
    <subfield code="b">NLR</subfield>
    <subfield code="c">20080229</subfield>
    <subfield code="g">RCR</subfield>
  </datafield>
  <datafield tag="801" ind1=" " ind2="1">
    <subfield code="a">RU</subfield>
    <subfield code="b">NLR</subfield>
    <subfield code="c">20080229</subfield>
  </datafield>
  <datafield tag="830" ind1=" " ind2=" ">
    <subfield code="a">&#x410;&#x432;&#x442;. &#x43F;&#x43E; &#x43A;&#x43D;.</subfield>
  </datafield>
  <datafield tag="942" ind1=" " ind2=" ">
    <subfield code="c">BOOK</subfield>
  </datafield>
  <datafield tag="980" ind1=" " ind2=" ">
    <subfield code="a">NB</subfield>
  </datafield>
  <datafield tag="995" ind1=" " ind2=" ">
    <subfield code="5">2008-02-29</subfield>
    <subfield code="a">ad</subfield>
    <subfield code="b">NLR01</subfield>
    <subfield code="c">NLR01</subfield>
    <subfield code="e">RF9</subfield>
    <subfield code="f">1-1736387</subfield>
    <subfield code="k">2008-5/1639</subfield>
    <subfield code="o">0</subfield>
    <subfield code="r">BOOK</subfield>
    <subfield code="s">200851639_</subfield>
  </datafield>
  <datafield tag="995" ind1=" " ind2=" ">
    <subfield code="5">2008-02-29</subfield>
    <subfield code="a">ad</subfield>
    <subfield code="b">NLR01</subfield>
    <subfield code="c">NLR01</subfield>
    <subfield code="e">RF9</subfield>
    <subfield code="f">2617594</subfield>
    <subfield code="k">2008-5/1639</subfield>
    <subfield code="o">0</subfield>
    <subfield code="r">BOOK</subfield>
    <subfield code="s">200851639_</subfield>
  </datafield>
  <datafield tag="995" ind1=" " ind2=" ">
    <subfield code="5">2008-12-04</subfield>
    <subfield code="a">a9</subfield>
    <subfield code="b">NLR01</subfield>
    <subfield code="c">NLR01</subfield>
    <subfield code="e">OZ4</subfield>
    <subfield code="f">1-620055</subfield>
    <subfield code="k">&#x422;1 &#x41E;57/&#x41A;-562</subfield>
    <subfield code="o">0</subfield>
    <subfield code="r">BOOK</subfield>
    <subfield code="s">1_57562</subfield>
  </datafield>
</record>
